000 01250cam a2200301 a 4500
001 177489
003 ARRUPE
005 20210702091055.0
008 980922s1998 enka 001 0 eng
010 _a 98200330
020 _a9781509737611
040 _aDLC
_cDLC
_dDLC
050 0 0 _aHF5661
_b.F762 2020 F1
245 0 0 _a Foundations in accountancy / ACCA: Business and Technology (FBT/BT) : ACCA approved workbook for exams from 1 September 2021 to 31 August 2022
250 _a1st ed
260 _aLondon :
_bBPP Publishing,
_c2020
300 _axvi, 395 p. :
_bill. ;
_c30 cm.
490 1 _aACCA Approved workbook
500 _aIncludes index. Includes Ebook
650 0 _aBusiness -- Technological innovations -- Examinations -- Study guides
_xExaminations
_xStudy guides
_950154
650 0 _a Association of Chartered Certified Accountants
_xExaminations
_xStudy guides
_950155
650 0 _aAccountants
_xCertification
_xExaminations
_xStudy guides
_950156
710 2 _aACCA
_950157
830 0 _aACCA Approved workbook
_950158
906 _a7
_bcbc
_corignew
_d2
_encip
_f19
_gy-gencatlg
942 _2lcc
_cMONOGRAPH
999 _c130618
_d130618